[Event "19th Reykjavik op"]
[Site "Reykjavik ISL"]
[Date "2000.04.11"]
[Round "7.10"]
[White "Drei, Andrea"]
[Black "Thorhallsson, Throestur"]
[Result "1-0"]
[WhiteElo "2351"]
[BlackElo "2489"]
[EventDate "2000.04.05"]
[PlyCount "119"]

1.e4 c5 2.Nf3 d6 3.d4 cxd4 4.Nxd4 Nf6 5.Nc3 Nc6 6.Bg5 e6 7.Qd3 a6 8.O-O-O 
Be7 9.Be2 Bd7 10.Rhe1 b5 11.Bxf6 gxf6 12.Nxc6 Bxc6 13.a3 Rb8 14.f4 a5 15.
f5 b4 16.axb4 axb4 17.Nb1 Qa5 18.fxe6 fxe6 19.Qh3 Qe5 20.Bc4 Bd7 21.Nd2 
Ra8 22.Kb1 O-O 23.Bd5 Ra6 24.Qd3 Ra7 25.Qe3 Rc7 26.Nf3 Qh5 27.Qb6 Rc5 28.
Bb3 Ra5 29.Qxb4 Rc5 30.c3 Rb5 31.Qc4 Rc8 32.Qxe6+ Bxe6 33.Bxe6+ Kf8 34.
Bxc8 Qc5 35.Nd4 Rxb2+ 36.Kxb2 Qxc8 37.Nf5 Qa6 38.Rd4 Qb6+ 39.Kc2 Qa6 40.
Kb2 Qb6+ 41.Kc2 Qa6 42.Rb4 Kf7 43.Rb2 Bd8 44.Kd2 Ke6 45.Nd4+ Kd7 46.Reb1 
Bc7 47.Nf5 Qc4 48.Rb4 Qa2+ 49.R1b2 Qa1 50.Ne3 Ke6 51.Rb7 Bd8 52.Nc2 Qf1 
53.Ne3 Qa1 54.R2b5 f5 55.exf5+ Kf6 56.Rd7 Qa2+ 57.Nc2 Be7 58.Rbb7 Bd8 59.
Rxd6+ Kg5 60.Rxd8 1-0

[Event "19th Reykjavik op"]
[Site "Reykjavik ISL"]
[Date "2000.04.11"]
[Round "7.11"]
[White "Conquest, Stuart"]
[Black "Jonkman, Harmen"]
[Result "1-0"]
[WhiteElo "2563"]
[BlackElo "2446"]
[EventDate "2000.04.05"]
[PlyCount "97"]

1.c4 e6 2.Nc3 d5 3.d4 Nf6 4.cxd5 exd5 5.Bg5 Be7 6.e3 O-O 7.Bd3 Re8 8.Nge2 
Nbd7 9.O-O Nf8 10.b4 Ne6 11.Bxf6 Bxf6 12.f4 c6 13.Rf3 a5 14.bxa5 Rxa5 15.
Kh1 c5 16.Rb1 Nc7 17.h3 h6 18.Bc2 cxd4 19.exd4 Ne6 20.Qd3 Nf8 21.Ba4 Re7 
22.Ng3 Rc7 23.Bb3 b6 24.Nh5 Ba6 25.Qe3 Bc4 26.f5 Bg5 27.Qe5 Bf6 28.Nxf6+ 
gxf6 29.Qf4 Kh7 30.Rg3 Nd7 31.Re1 Rc8 32.Bxc4 dxc4 33.Qg4 Qg8 34.Re7 Qxg4 
35.Rxg4 Nf8 36.Rxf7+ Kh8 37.Rxf6 Ra3 38.Rxh6+ Nh7 39.Nd5 c3 40.Nf6 Ra7 41.
Rgh4 Rcc7 42.Nxh7 c2 43.Nf6+ Kg7 44.Rg6+ Kf8 45.Rh8+ Ke7 46.Rh7+ Kd6 47.
Ne8+ Kd5 48.Rxc7 Kxd4 49.Rxc2 1-0

[Event "19th Reykjavik op"]
[Site "Reykjavik ISL"]
[Date "2000.04.11"]
[Round "7.12"]
[White "Gretarsson, Helgi Ass"]
[Black "Salmensuu, Olli"]
[Result "1/2-1/2"]
[WhiteElo "2543"]
[BlackElo "2418"]
[EventDate "2000.04.05"]
[PlyCount "121"]

1.c4 c5 2.Nc3 g6 3.g3 Bg7 4.Bg2 Nc6 5.a3 e5 6.Rb1 a5 7.e3 Nge7 8.Nge2 d6 
9.d3 O-O 10.O-O Rb8 11.Qb3 Be6 12.Nd5 Na7 13.Nxe7+ Qxe7 14.Qb6 Nc6 15.Bd2 
e4 16.Bxe4 Bxc4 17.Nf4 g5 18.Nd5 Qe6 19.Nc7 Qe7 20.Qxa5 f5 21.Nd5 Qf7 22.
dxc4 fxe4 23.Bc3 Bxc3 24.bxc3 Qh5 25.Qc7 Ne5 26.f4 exf3 27.Qxb8 Qh3 28.
Nf6+ Kg7 29.Qxb7+ Rf7 30.Rxf3 Rxb7 31.Rxb7+ Kg6 32.Rf2 Qc8 33.Re7 g4 34.
Rf4 Nd3 35.Rf1 Ne5 36.Rf4 Nd3 37.Rf1 Ne5 38.Nd5 Nf3+ 39.Kg2 Qb8 40.h3 h5 
41.Re6+ Kg7 42.hxg4 hxg4 43.Re4 Ne5 44.Ref4 Qh8 45.Rh1 Qb8 46.Rhf1 Qh8 47.
Rh1 Qb8 48.Rh5 Qb2+ 49.Rf2 Qb1 50.Nf6 Nd3 51.Rf1 Qc2+ 52.Kg1 Ne5 53.Nxg4 
Qg6 54.Rff5 Nf3+ 55.Rxf3 Qxh5 56.Rf4 Qe8 57.Kf2 Qb8 58.Nf6 Qb3 59.Nd5 Qc2+
60.Kf3 Qd1+ 61.Kf2 1/2-1/2

[Event "19th Reykjavik op"]
[Site "Reykjavik ISL"]
[Date "2000.04.11"]
[Round "7.13"]
[White "Hillarp Persson, Tiger"]
[Black "Bjarnason, Saevar"]
[Result "1/2-1/2"]
[WhiteElo "2548"]
[BlackElo "2305"]
[EventDate "2000.04.05"]
[PlyCount "133"]

1.d4 g6 2.e4 Bg7 3.c4 d6 4.Nc3 Nc6 5.d5 Nd4 6.Be3 c5 7.Nge2 Qb6 8.Qd2 Nxe2
9.Bxe2 Nf6 10.Rc1 a6 11.O-O O-O 12.a3 Qc7 13.b4 b6 14.Rc2 e6 15.dxe6 Bxe6 
16.Bh6 Rfe8 17.Bxg7 Kxg7 18.f4 Rad8 19.f5 Bc8 20.fxg6 Re5 21.gxf7 Qe7 22.
Bd3 Rf8 23.Qf4 Rxf7 24.Rcf2 Be6 25.Qg3+ Kh8 26.Nd5 Bxd5 27.exd5 Rg7 28.Qh4
Nd7 29.Qxe7 Rexe7 30.Bf5 Ne5 31.Be6 Rg6 32.Rf8+ Kg7 33.R1f4 Rc7 34.g3 cxb4
35.axb4 Rxc4 36.R8f7+ Kh6 37.Rxc4 Nxc4 38.Kg2 Rg5 39.h4 Re5 40.g4 Ne3+ 41.
Kf3 Nxd5 42.Bf5 Re3+ 43.Kf2 Re7 44.g5+ Kh5 45.Rxh7+ Rxh7 46.Bxh7 Nxb4 47.
Kg3 Nc6 48.Bd3 b5 49.Be2+ Kg6 50.Kf4 Nd4 51.h5+ Kf7 52.Bg4 b4 53.Ke4 Ne6 
54.g6+ Kf6 55.Kd5 Nf4+ 56.Kxd6 b3 57.Bd1 b2 58.Bc2 Nxh5 59.Kc5 Nf4 60.Kb4 
Nxg6 61.Ka3 Ne5 62.Kxb2 Ke6 63.Ka3 Kd6 64.Ka4 Kc6 65.Ka5 Kb7 66.Be4+ Ka7 
67.Bd5 1/2-1/2

[Event "19th Reykjavik op"]
[Site "Reykjavik ISL"]
[Date "2000.04.11"]
[Round "7.14"]
[White "Kjartansson, Gudmundur"]
[Black "Agrest, Evgenij"]
[Result "0-1"]
[WhiteElo "2248"]
[BlackElo "2603"]
[EventDate "2000.04.05"]
[PlyCount "134"]

1.e4 c5 2.Nf3 e6 3.d4 cxd4 4.Nxd4 a6 5.Bd3 Bc5 6.Nb3 Be7 7.Nc3 d6 8.f4 Nd7
9.Qf3 Qc7 10.Be3 h5 11.h3 h4 12.O-O-O Ngf6 13.g4 hxg3 14.Qxg3 Nh5 15.Qf2 
b5 16.f5 Ne5 17.Kb1 Bd7 18.fxe6 fxe6 19.Rdf1 Rc8 20.Bb6 Qb8 21.Ba7 Qa8 22.
Bd4 Bf6 23.Bxe5 dxe5 24.Nc5 Qc6 25.Nxd7 Qxd7 26.Rd1 Qc6 27.Ne2 Ke7 28.Rhg1
Rc7 29.Rdf1 Kd8 30.Qf3 Kc8 31.Qg4 Kb8 32.Rc1 Qb6 33.Rgd1 g5 34.c4 bxc4 35.
Bxc4 Nf4 36.Re1 Rh4 37.Qg1 Qxg1 38.Nxg1 Ka7 39.Bf1 Rhh7 40.b3 Kb6 41.Rxc7 
Rxc7 42.Rc1 Rd7 43.Nf3 Rh7 44.Ng1 a5 45.a3 Be7 46.Kb2 Bc5 47.Bc4 Nxh3 48.
Nxh3 Rxh3 49.Bxe6 Re3 50.Bf5 Bd4+ 51.Kc2 Rc3+ 52.Kb2 Rg3+ 53.Kc2 g4 54.Kd1
Rg1+ 55.Kc2 Rg2+ 56.Kd3 g3 57.Rc8 Rb2 58.Bh3 g2 59.Bxg2 Rxg2 60.Rb8+ Kc6 
61.Rc8+ Kb7 62.Rh8 Rg3+ 63.Kc4 Rc3+ 64.Kd5 Rxb3 65.a4 Rc3 66.Kd6 Rc4 67.
Rh7+ Kb6 0-1

[Event "19th Reykjavik op"]
[Site "Reykjavik ISL"]
[Date "2000.04.11"]
[Round "7.15"]
[White "Bricard, Emmanuel"]
[Black "Wiley, Tom"]
[Result "1/2-1/2"]
[WhiteElo "2461"]
[BlackElo "2294"]
[EventDate "2000.04.05"]
[PlyCount "81"]

1.Nf3 f5 2.d4 g6 3.h4 Nf6 4.h5 Nxh5 5.Rxh5 gxh5 6.e4 Bg7 7.Nh4 e6 8.Qxh5+ 
Kf8 9.exf5 Qe8 10.Qf3 exf5+ 11.Be2 Qe4 12.Nxf5 Qxf3 13.Bxf3 Nc6 14.Be3 Ne7
15.Nxg7 Kxg7 16.d5 Nf5 17.d6 Nxe3 18.fxe3 c6 19.Nc3 b6 20.O-O-O Bb7 21.Rd4
h5 22.Rh4 Rae8 23.Ra4 a5 24.Rh4 Re5 25.Na4 b5 26.Nb6 Re6 27.Nxd7 Rxd6 28.
Nc5 Bc8 29.e4 Bg4 30.Bxg4 hxg4 31.Rxg4+ Rg6 32.Ne6+ Kf7 33.Rxg6 Kxg6 34.
Nd4 Rc8 35.Kd2 Kf6 36.Ke3 Ke5 37.g4 b4 38.g5 c5 39.Nf3+ Ke6 40.Kd3 Rf8 41.
Nd2 1/2-1/2

[Event "19th Reykjavik op"]
[Site "Reykjavik ISL"]
[Date "2000.04.11"]
[Round "7.16"]
[White "Olafsson, Helgi"]
[Black "Thorfinnsson, Bragi"]
[Result "1-0"]
[WhiteElo "2491"]
[BlackElo "2260"]
[EventDate "2000.04.05"]
[PlyCount "77"]

1.e4 c5 2.Nc3 Nc6 3.g3 g6 4.Bg2 Bg7 5.d3 e6 6.Be3 Nd4 7.Qd2 Ne7 8.Nd1 d6 
9.c3 Ndc6 10.Ne2 b6 11.d4 h5 12.h3 Ba6 13.b3 Bxe2 14.Kxe2 cxd4 15.cxd4 e5 
16.d5 Nd4+ 17.Bxd4 exd4 18.Nb2 Qd7 19.Nd3 Rc8 20.Rhe1 O-O 21.Kf1 Rc3 22.
Rad1 Rfc8 23.Qe2 Qb5 24.Kg1 a5 25.h4 Rb8 26.Qd2 a4 27.bxa4 Qc4 28.e5 Nf5 
29.e6 Bh6 30.Qe2 Rb7 31.Be4 fxe6 32.Bxf5 gxf5 33.dxe6 Bg7 34.Rd2 Qxa4 35.
Qxh5 Qa5 36.Ree2 Qd5 37.Rd1 b5 38.Nf4 Qc4 39.Qxf5 1-0

[Event "19th Reykjavik op"]
[Site "Reykjavik ISL"]
[Date "2000.04.11"]
[Round "7.17"]
[White "Gunnarsson, Arnar"]
[Black "Bykhovsky, Anatoly A."]
[Result "0-1"]
[WhiteElo "2227"]
[BlackElo "2409"]
[EventDate "2000.04.05"]
[PlyCount "77"]

1.e4 e5 2.Nf3 Nc6 3.d4 exd4 4.Nxd4 Nf6 5.Nxc6 bxc6 6.Bd3 d5 7.Nc3 Bb4 8.
exd5 cxd5 9.Bd2 O-O 10.O-O Rb8 11.Be3 Bd6 12.h3 c5 13.Nb5 Be7 14.Nxa7 Bd7 
15.a4 Rxb2 16.c4 d4 17.Bf4 Rb6 18.Nb5 Ne8 19.Re1 Be6 20.Qh5 g6 21.Qf3 Qd7 
22.Re5 Bd6 23.a5 Bxe5 24.axb6 Bxf4 25.Qxf4 Qb7 26.Rb1 Qxb6 27.Nxd4 Qd8 28.
Nxe6 Qxd3 29.Rb7 fxe6 30.Qh6 Qd1+ 31.Kh2 Qd6+ 32.Kg1 Nc7 33.Qh4 Kg7 34.Qe4
Rf7 35.Rb8 Qd4 36.Qe2 e5 37.Rb3 Ne6 38.Re3 Nf4 39.Qg4 0-1

[Event "19th Reykjavik op"]
[Site "Reykjavik ISL"]
[Date "2000.04.11"]
[Round "7.18"]
[White "Johannessen, Leif Erlend"]
[Black "Schnabel, Ralf"]
[Result "1-0"]
[WhiteElo "2431"]
[BlackElo "2233"]
[EventDate "2000.04.05"]
[PlyCount "83"]

1.d4 f5 2.g3 Nf6 3.Bg2 g6 4.Nf3 Bg7 5.O-O O-O 6.b3 c6 7.Bb2 Qe8 8.c4 d6 9.
Qc2 h6 10.Nbd2 Na6 11.Rae1 Qf7 12.e4 Nb4 13.Qc3 fxe4 14.Nxe4 Nxe4 15.Rxe4 
Bf5 16.Rf4 Nxa2 17.Qa5 g5 18.Rxf5 Qxf5 19.Qxa2 Qd3 20.Ne1 Qd2 21.Qb1 a5 
22.Qc2 Qxc2 23.Nxc2 Ra6 24.Re1 Rb6 25.Re3 Bf6 26.Bh3 Rd8 27.Ba3 Ra6 28.
Be6+ Kg7 29.Rd3 b5 30.Ne3 b4 31.Bb2 a4 32.Nf5+ Kg6 33.bxa4 d5 34.c5 Rxa4 
35.g4 Rh8 36.Rb3 Rb8 37.Kf1 Ra7 38.Ke2 Rab7 39.Kd3 h5 40.gxh5+ Kxh5 41.Ne3
Rf8 42.f3 1-0

[Event "19th Reykjavik op"]
[Site "Reykjavik ISL"]
[Date "2000.04.11"]
[Round "7.19"]
[White "Bjornsson, Tomas"]
[Black "Gunnarsson, Jon Viktor"]
[Result "0-1"]
[WhiteElo "2224"]
[BlackElo "2401"]
[EventDate "2000.04.05"]
[PlyCount "88"]

1.e4 e5 2.Nf3 Nf6 3.Nc3 Bb4 4.Nxe5 O-O 5.Be2 Re8 6.Nf3 Nxe4 7.Nxe4 Rxe4 8.
c3 Bf8 9.d4 Re8 10.Be3 d5 11.Qc2 c6 12.O-O-O Nd7 13.Bd3 Nf6 14.Ng5 g6 15.
h4 Bg4 16.Rde1 Qc7 17.f3 Bd7 18.Qd2 Bd6 19.Kb1 Bg3 20.Bf2 Nh5 21.Nh3 Bxh3 
22.gxh3 Bxf2 23.Qxf2 Qf4 24.a3 Kg7 25.Ka2 Qg3 26.Qxg3 Nxg3 27.Rhg1 Nh5 28.
Re5 Nf4 29.Bf1 f6 30.Rxe8 Rxe8 31.Rg4 Re1 32.Rxf4 Rxf1 33.h5 gxh5 34.h4 
Kg6 35.a4 f5 36.b3 Rf2+ 37.Kb1 Kf6 38.Kc1 a5 39.Kb1 Ke6 40.Kc1 b5 41.b4 
bxa4 42.bxa5 a3 43.Kb1 Rb2+ 44.Ka1 Rb3 0-1

[Event "19th Reykjavik op"]
[Site "Reykjavik ISL"]
[Date "2000.04.11"]
[Round "7.20"]
[White "Thorfinnsson, Bjoern"]
[Black "Lampen, Timo"]
[Result "1-0"]
[WhiteElo "2195"]
[BlackElo "2307"]
[EventDate "2000.04.05"]
[PlyCount "95"]

1.d4 d5 2.Nf3 c6 3.Bg5 f6 4.Bh4 Qb6 5.b3 g5 6.Bg3 Nh6 7.e3 Nf5 8.Bd3 h5 9.
c4 Na6 10.h4 Nxg3 11.fxg3 g4 12.Ng1 e5 13.Ne2 Bh6 14.Qd2 c5 15.Nbc3 cxd4 
16.Nxd5 Qd6 17.Rf1 O-O 18.Qc2 f5 19.Bxf5 Bxf5 20.Rxf5 Nb4 21.Qe4 Rxf5 22.
Qxf5 Rf8 23.Qe4 d3 24.Nec3 Nc2+ 25.Kd2 Rf2+ 26.Kd1 Rf1+ 27.Kd2 Rf2+ 28.Kd1
Nxa1 29.Qxd3 Nc2 30.Ne4 Nxe3+ 31.Ke1 Qa3 32.Nxf2 Qc1+ 33.Nd1 e4 34.Nf6+ 
Kf7 35.Nxe4 Nxd1 36.Nd6+ Ke6 37.Qd5+ Kf6 38.Qxd1 Qe3+ 39.Kf1 Qe5 40.Nxb7 
Qf5+ 41.Kg1 Be3+ 42.Kh2 Qf2 43.Nd6 Kg7 44.b4 Kh8 45.c5 Bd4 46.Nf5 Be5 47.
Qd8+ Kh7 48.Qe7+ 1-0

[Event "19th Reykjavik op"]
[Site "Reykjavik ISL"]
[Date "2000.04.11"]
[Round "7.21"]
[White "Halldorsson, Jon Arni"]
[Black "Jonasson, Benedikt"]
[Result "1/2-1/2"]
[WhiteElo "2173"]
[BlackElo "2285"]
[EventDate "2000.04.05"]
[PlyCount "88"]

1.d4 Nf6 2.Nf3 c5 3.d5 g6 4.Nc3 Bg7 5.e4 d6 6.Bb5+ Nfd7 7.a4 a6 8.Be2 Nf6 
9.O-O Nbd7 10.Re1 O-O 11.h3 Rb8 12.Bf4 Ne8 13.Bf1 b6 14.Qd2 Bb7 15.Rad1 
Qc7 16.Qe3 Ne5 17.Nxe5 dxe5 18.Bh6 Nd6 19.Bxg7 Kxg7 20.f4 f6 21.fxe5 fxe5 
22.Be2 Rf4 23.Rf1 Rbf8 24.g3 R4f6 25.Qg5 Nf7 26.Qe3 Bc8 27.Kg2 Nd6 28.Qg5 
Qd8 29.h4 h6 30.Qe3 Qd7 31.Rxf6 Rxf6 32.Rf1 Rxf1 33.Bxf1 b5 34.axb5 axb5 
35.Kg1 b4 36.Nd1 c4 37.Nf2 Qa4 38.Qd2 Qa7 39.Kg2 Qc5 40.Kf3 c3 41.bxc3 
bxc3 42.Qe3 Qa3 43.Nd1 Qa1 44.Be2 Nb5 1/2-1/2

[Event "19th Reykjavik op"]
[Site "Reykjavik ISL"]
[Date "2000.04.11"]
[Round "7.22"]
[White "Bjornsson, Sigurbjorn"]
[Black "Steindorsson, Sigurdur Pall"]
[Result "0-1"]
[WhiteElo "2282"]
[BlackElo "2056"]
[EventDate "2000.04.05"]
[PlyCount "84"]

1.e4 c5 2.Nf3 d6 3.d4 cxd4 4.Nxd4 Nf6 5.Nc3 a6 6.f4 e5 7.Nf3 Nbd7 8.a4 Be7
9.Bd3 O-O 10.O-O Qc7 11.Kh1 exf4 12.Bxf4 Ne5 13.Nxe5 dxe5 14.Bg5 Be6 15.
Qd2 Ng4 16.h3 Bxg5 17.Qxg5 f6 18.Qd2 Nh6 19.Nd5 Bxd5 20.exd5 f5 21.b4 e4 
22.Be2 Qe5 23.Rad1 f4 24.Bg4 Nxg4 25.hxg4 e3 26.Qe2 Rf6 27.Rf3 b5 28.c4 
bxa4 29.c5 Rd8 30.d6 a5 31.Qc4+ Kh8 32.b5 a3 33.c6 Rfxd6 34.Rxd6 Qxd6 35.
c7 Rc8 36.Rxf4 e2 37.Qxe2 Qxf4 38.b6 Qc4 39.Kh2 Qc6 40.Qa6 Rxc7 41.Qxa5 
Qd6+ 42.Kh3 Rb7 0-1

[Event "19th Reykjavik op"]
[Site "Reykjavik ISL"]
[Date "2000.04.11"]
[Round "7.23"]
[White "Westerinen, Heikki"]
[Black "Nyysti, Sampsa"]
[Result "1/2-1/2"]
[WhiteElo "2392"]
[BlackElo "2224"]
[EventDate "2000.04.05"]
[PlyCount "88"]

1.e4 c5 2.Nf3 e6 3.Nc3 b6 4.d4 cxd4 5.Nxd4 a6 6.Bd3 Bb7 7.O-O Qc7 8.Kh1 
Nc6 9.Nxc6 Qxc6 10.Qe2 Nf6 11.f3 Be7 12.e5 Nd5 13.Bd2 Nxc3 14.Bxc3 b5 15.
a3 Qb6 16.Bb4 Bxb4 17.axb4 d6 18.Rfd1 dxe5 19.Qxe5 O-O 20.Qc5 Qxc5 21.bxc5
f5 22.Re1 Kf7 23.Re5 g6 24.Kg1 Bd5 25.b4 Kf6 26.Re2 e5 27.Rd1 Rfd8 28.Red2
Be6 29.Be2 Rxd2 30.Rxd2 a5 31.Bxb5 axb4 32.Rd6 Ke7 33.Rb6 Ra1+ 34.Kf2 Rc1 
35.Bd3 b3 36.Rb7+ Kf6 37.cxb3 Rxc5 38.b4 Rc3 39.Be2 Rb3 40.b5 Rb2 41.Rc7 
h5 42.h4 f4 43.Rc6 Ke7 44.Ke1 Kd7 1/2-1/2

[Event "19th Reykjavik op"]
[Site "Reykjavik ISL"]
[Date "2000.04.11"]
[Round "7.24"]
[White "Edvardsson, Kristjan"]
[Black "Hardarson, Robert"]
[Result "1-0"]
[WhiteElo "2170"]
[BlackElo "2356"]
[EventDate "2000.04.05"]
[PlyCount "33"]

1.Nf3 Nf6 2.d4 c5 3.d5 b5 4.e3 Bb7 5.c4 e6 6.e4 Nxe4 7.Bd3 Nf6 8.dxe6 fxe6
9.Ng5 bxc4 10.Bxh7 Rxh7 11.Nxh7 Bxg2 12.Bg5 Bxh1 13.Nxf6+ gxf6 14.Qh5+ Ke7
15.Bxf6+ Kxf6 16.Qh4+ Kf7 17.Qxd8 1-0

[Event "19th Reykjavik op"]
[Site "Reykjavik ISL"]
[Date "2000.04.11"]
[Round "7.27"]
[White "Halldorsson, Bragi"]
[Black "Marks, H."]
[Result "1/2-1/2"]
[WhiteElo "2242"]
[BlackElo "2085"]
[EventDate "2000.04.05"]
[PlyCount "153"]

1.c4 Nf6 2.Nc3 e6 3.g3 d5 4.Bg2 c6 5.b3 Be7 6.e3 b6 7.d3 O-O 8.Nge2 a5 9.
O-O Ba6 10.Bb2 b5 11.cxb5 cxb5 12.Nd4 Qb6 13.a4 b4 14.Nce2 Rc8 15.Qd2 Nbd7
16.e4 dxe4 17.dxe4 e5 18.Nf5 Bf8 19.Bf3 Qe6 20.Rab1 Kh8 21.Ba1 Nc5 22.Qb2 
Ncxe4 23.Ne3 Ra7 24.Rfd1 Ng5 25.Bg2 Nh3+ 26.Kf1 Nxf2 27.Kxf2 Bc5 28.Ke1 
Bxe3 29.Qxe5 Qxe5 30.Bxe5 Re7 31.Bxf6 gxf6 32.Rb2 Bc1 33.Ra2 Rce8 34.Bf3 
Be3 35.Rc2 Bg1 36.Rd6 Bxe2 37.Rxe2 Bxh2 38.Rxf6 Bxg3+ 39.Kf1 Kg7 40.Ra6 
Rxe2 41.Bxe2 Bc7 42.Rc6 Re7 43.Rc5 Bb6 44.Rb5 Re6 45.Rf5 Rf6 46.Bd3 Rxf5+ 
47.Bxf5 h5 48.Ke2 Kf6 49.Bd7 Kg5 50.Kf3 f5 51.Bb5 Bc7 52.Bf1 Kf6 53.Bh3 
Ke5 54.Ke3 Bd8 55.Bf1 Bg5+ 56.Kf3 Kd4 57.Bc4 h4 58.Be6 Ke5 59.Bd7 Bd8 60.
Bc8 Bc7 61.Ke3 Bb8 62.Kf3 Bc7 63.Ke3 h3 64.Bb7 h2 65.Bh1 Bb6+ 66.Kd3 Kf4 
67.Bc6 Kg3 68.Ke2 f4 69.Bd5 Kh4 70.Bf3 Kg5 71.Kd3 Kf5 72.Ke2 Ke5 73.Kd3 
Ba7 74.Bg2 f3 75.Bxf3 Kf4 76.Ke2 h1=N 77.Bxh1 1/2-1/2

[Event "19th Reykjavik op"]
[Site "Reykjavik ISL"]
[Date "2000.04.11"]
[Round "7.28"]
[White "Arngrimsson, Dagur"]
[Black "Sigfusson, Sigurdur"]
[Result "0-1"]
[WhiteElo "2081"]
[BlackElo "2215"]
[EventDate "2000.04.05"]
[PlyCount "98"]

1.Nf3 Nf6 2.g3 g6 3.Bg2 c5 4.O-O Bg7 5.d3 Nc6 6.Nbd2 O-O 7.e4 d6 8.Qe2 e5 
9.c3 Ne8 10.Rd1 f5 11.Nf1 f4 12.d4 fxg3 13.hxg3 exd4 14.Bg5 Qd7 15.Bf4 Qe7
16.cxd4 Nxd4 17.Nxd4 cxd4 18.Nh2 Kh8 19.Qd2 Rf7 20.Nf3 Bg4 21.Re1 Bxf3 22.
Bxf3 Be5 23.Bg5 Qe6 24.Bd1 Qh3 25.Bb3 Rf3 26.Bd1 Bxg3 27.Bxf3 Bh2+ 28.Kh1 
Bf4+ 29.Kg1 Bh2+ 30.Kh1 Bf4+ 31.Kg1 Bxd2 32.Bg2 Qxg2+ 33.Kxg2 Bxg5 34.Rad1
Bf4 35.Rxd4 Rc8 36.Rd3 Rc2 37.Rc3 Rxc3 38.bxc3 Nc7 39.a4 Ne6 40.Rb1 Nc5 
41.Kf3 Be5 42.c4 Kg7 43.Ke3 g5 44.a5 h5 45.a6 bxa6 46.Rb8 h4 47.Ra8 h3 48.
Rxa7+ Kg6 49.Kf3 g4+ 0-1

[Event "19th Reykjavik op"]
[Site "Reykjavik ISL"]
[Date "2000.04.11"]
[Round "7.30"]
[White "Schmied, Andreas"]
[Black "Hannesson, Olafur Isberg"]
[Result "1-0"]
[WhiteElo "2158"]
[BlackElo "2161"]
[EventDate "2000.04.05"]
[PlyCount "67"]

1.Nf3 Nf6 2.d4 e6 3.e3 d5 4.Bd3 Be7 5.O-O O-O 6.Nbd2 c5 7.b3 Nc6 8.a3 b6 
9.Bb2 Bb7 10.Ne5 Nxe5 11.dxe5 Nd7 12.f4 f5 13.Qe2 Kh8 14.Rad1 g5 15.c4 
gxf4 16.cxd5 Bxd5 17.exf4 Rg8 18.Nf3 Bxb3 19.Bb5 Bxd1 20.Rxd1 Rg7 21.Rxd7 
Qg8 22.Nd2 a6 23.Bc6 Rb8 24.Nc4 b5 25.Nd6 Rb6 26.Bf3 Bd8 27.Rxg7 Qxg7 28.
Qd2 Rb8 29.Bh5 Be7 30.Bf7 Qh6 31.Qf2 Bh4 32.g3 Be7 33.Qxc5 Kg7 34.Qc7 1-0

[Event "19th Reykjavik op"]
[Site "Reykjavik ISL"]
[Date "2000.04.11"]
[Round "7.31"]
[White "Thorsteinsson, Erlingur"]
[Black "Ragnarsson, Johann"]
[Result "1/2-1/2"]
[WhiteElo "2160"]
[BlackElo "2129"]
[EventDate "2000.04.05"]
[PlyCount "31"]

1.Nf3 Nf6 2.g3 d5 3.Bg2 Bf5 4.O-O e6 5.d3 h6 6.c4 c5 7.Nbd2 Be7 8.Qb3 Qb6 
9.Qa4+ Nc6 10.Ne5 O-O 11.Nxc6 Qxc6 12.Qc2 Rac8 13.Re1 Qd7 14.e4 dxe4 15.
dxe4 Bh7 16.Qb3 1/2-1/2

[Event "19th Reykjavik op"]
[Site "Reykjavik ISL"]
[Date "2000.04.11"]
[Round "7.32"]
[White "Soupizon, Remi"]
[Black "Jackson, Adrian"]
[Result "1-0"]
[WhiteElo "2066"]
[BlackElo "2207"]
[EventDate "2000.04.05"]
[PlyCount "75"]

1.e4 c5 2.Nc3 Nc6 3.f4 g6 4.Nf3 Bg7 5.Bb5 Nd4 6.O-O Nxb5 7.Nxb5 a6 8.Nc3 
d6 9.d3 Nh6 10.Qe1 e6 11.f5 Ng4 12.Qg3 Ne5 13.Bf4 Nxf3+ 14.Rxf3 Qb6 15.
fxg6 Bd4+ 16.Kh1 hxg6 17.Bxd6 e5 18.Bxe5 Qxb2 19.Raf1 Qxc3 20.Bxh8 Bxh8 
21.Rxf7 Bf5 22.Qc7 Qe5 23.Qxe5+ Bxe5 24.Rxb7 Be6 25.a4 c4 26.Rd1 c3 27.d4 
O-O-O 28.Ra7 Rxd4 29.Rxd4 Bxd4 30.Rxa6 Kd7 31.h4 Bb3 32.Ra5 Bb6 33.Rb5 
Bxc2 34.Rxb6 Bxe4 35.Rb4 c2 36.Rc4 Kd6 37.a5 Kd5 38.Rc8 1-0

[Event "19th Reykjavik op"]
[Site "Reykjavik ISL"]
[Date "2000.04.11"]
[Round "7.34"]
[White "Valgardsson, Gudjon Heidar"]
[Black "De Blecourt, Sandra"]
[Result "0-1"]
[WhiteElo "2114"]
[BlackElo "2027"]
[EventDate "2000.04.05"]
[PlyCount "62"]

1.e4 e6 2.d4 d5 3.Nd2 Nf6 4.e5 Nfd7 5.c3 c5 6.Bd3 Nc6 7.Ne2 cxd4 8.cxd4 
Qb6 9.Nf3 f6 10.exf6 Nxf6 11.O-O Bd6 12.a3 O-O 13.b4 e5 14.Qb3 Kh8 15.dxe5
Nxe5 16.Nxe5 Bxe5 17.Bb2 Bxh2+ 18.Kxh2 Ng4+ 19.Kg3 Rxf2 20.Qxd5 Qe3+ 21.
Kh4 Be6 22.Qg5 Qxg5+ 23.Kxg5 Rxg2 24.Rg1 h6+ 25.Kh4 Rh2+ 26.Kg3 h5 27.Rh1 
Rd8 28.Bb5 h4+ 29.Kf4 Rf2+ 30.Kg5 Rd5+ 31.Kg6 Bf7# 0-1

[Event "19th Reykjavik op"]
[Site "Reykjavik ISL"]
[Date "2000.04.11"]
[Round "7.35"]
[White "Schmitz, Andreas"]
[Black "Halldorsson, Halldor"]
[Result "1-0"]
[WhiteElo "2159"]
[BlackElo "2109"]
[EventDate "2000.04.05"]
[PlyCount "57"]

1.e4 c5 2.c3 d5 3.exd5 Qxd5 4.d4 Nf6 5.Nf3 Bg4 6.Be2 e6 7.Na3 Nc6 8.Nc2 
cxd4 9.Ncxd4 Nxd4 10.Qxd4 Bxf3 11.Qa4+ Qd7 12.Qxd7+ Nxd7 13.Bxf3 O-O-O 14.
Ke2 Ne5 15.Be4 f5 16.Bc2 Be7 17.Bb3 Rd6 18.Bf4 Bf6 19.Rhe1 Rc6 20.Bxe5 
Bxe5 21.Kf1 Bxh2 22.Bxe6+ Kc7 23.g3 f4 24.Kg2 fxg3 25.fxg3 Bxg3 26.Kxg3 
Rf8 27.Rad1 Rf6 28.Rd7+ Kb6 29.Bd5 1-0

[Event "19th Reykjavik op"]
[Site "Reykjavik ISL"]
[Date "2000.04.11"]
[Round "7.36"]
[White "Bergsson, Stefan"]
[Black "Kjartansson, Olafur"]
[Result "1/2-1/2"]
[WhiteElo "2021"]
[BlackElo "2091"]
[EventDate "2000.04.05"]
[PlyCount "37"]

1.e4 c5 2.Nf3 Nc6 3.d4 cxd4 4.Nxd4 d6 5.Be2 Nf6 6.Nc3 g6 7.Be3 Bg7 8.O-O 
O-O 9.Nb3 Ne5 10.f3 Bd7 11.Qd2 Qc8 12.Bg5 Re8 13.Rad1 Be6 14.Bxf6 Bxf6 15.
Nd5 Bxd5 16.Qxd5 Qxc2 17.Bb5 Reb8 18.Rd2 Qc7 19.f4 1/2-1/2

[Event "19th Reykjavik op"]
[Site "Reykjavik ISL"]
[Date "2000.04.11"]
[Round "7.37"]
[White "Schmitz, Manuela"]
[Black "Schubert, Hans Joachim"]
[Result "1/2-1/2"]
[WhiteElo "2134"]
[BlackElo "2005"]
[EventDate "2000.04.05"]
[PlyCount "33"]

1.d4 f5 2.Qd3 e6 3.e4 fxe4 4.Qxe4 Nf6 5.Qh4 b6 6.Bg5 Ba6 7.Bxa6 Nxa6 8.c3 
Be7 9.Nf3 c5 10.O-O O-O 11.Nbd2 h6 12.Bxf6 Bxf6 13.Qe4 cxd4 14.cxd4 Nb4 
15.Nc4 Nd5 16.Ne3 Nxe3 17.fxe3 1/2-1/2

[Event "19th Reykjavik op"]
[Site "Reykjavik ISL"]
[Date "2000.04.12"]
[Round "8.1"]
[White "Kortschnoj, Viktor"]
[Black "Stefansson, Hannes Hlifar"]
[Result "0-1"]
[WhiteElo "2659"]
[BlackElo "2566"]
[EventDate "2000.04.05"]
[PlyCount "92"]

1.d4 Nf6 2.Nf3 e6 3.g3 b6 4.Bg2 Bb7 5.c4 Be7 6.Nc3 O-O 7.Qc2 c5 8.d5 exd5 
9.Ng5 h6 10.Nh3 b5 11.Nf4 Nc6 12.cxd5 Nd4 13.Qd1 b4 14.Na4 Bd6 15.O-O Re8 
16.e3 Nb5 17.a3 a5 18.Re1 Rc8 19.e4 Be5 20.axb4 axb4 21.Be3 c4 22.Rc1 c3 
23.b3 Bxf4 24.Bxf4 d6 25.Bf1 Ba6 26.f3 Nd7 27.Bxd6 Nxd6 28.Bxa6 Ra8 29.Bf1
f5 30.exf5 Nxf5 31.Bh3 Qf6 32.Re4 Rxe4 33.fxe4 Qd4+ 34.Qxd4 Nxd4 35.Nxc3 
bxc3 36.Kf2 Nc5 37.Ke3 c2 38.Kxd4 Nxb3+ 39.Kc3 Nxc1 40.Kxc2 Ne2 41.Kd3 Ng1
42.Be6+ Kf8 43.Ke3 Ra3+ 44.Kf4 Nf3 45.h4 g5+ 46.hxg5 hxg5+ 0-1

[Event "19th Reykjavik op"]
[Site "Reykjavik ISL"]
[Date "2000.04.12"]
[Round "8.2"]
[White "Bu Xiangzhi"]
[Black "Short, Nigel David"]
[Result "1/2-1/2"]
[WhiteElo "2565"]
[BlackElo "2683"]
[EventDate "2000.04.05"]
[PlyCount "50"]

1.d4 e6 2.c4 Nf6 3.Nc3 Bb4 4.e3 c5 5.Ne2 cxd4 6.exd4 O-O 7.a3 Be7 8.Nf4 
Re8 9.Be3 d6 10.Be2 Nbd7 11.O-O Nf8 12.b4 Ng6 13.Qb3 Nh4 14.Rad1 Bd7 15.f3
b6 16.Bf2 Ng6 17.Nxg6 hxg6 18.a4 Qb8 19.b5 Qc7 20.Rc1 Bc8 21.a5 bxa5 22.
Na4 Bb7 23.c5 Bd5 24.Qb2 Nh5 25.Rfd1 dxc5 1/2-1/2

[Event "19th Reykjavik op"]
[Site "Reykjavik ISL"]
[Date "2000.04.12"]
[Round "8.7"]
[White "Agrest, Evgenij"]
[Black "Conquest, Stuart"]
[Result "1/2-1/2"]
[WhiteElo "2603"]
[BlackElo "2563"]
[EventDate "2000.04.05"]
[PlyCount "121"]

1.c4 e5 2.Nc3 Bb4 3.Nd5 Be7 4.d4 d6 5.e3 Nf6 6.Nxe7 Qxe7 7.Ne2 O-O 8.d5 
Nbd7 9.Nc3 e4 10.h3 c6 11.dxc6 bxc6 12.b3 Rd8 13.Ba3 Ne5 14.Qd2 a5 15.Be2 
c5 16.Na4 Bb7 17.Qc3 Bc6 18.Bb2 Nfd7 19.O-O Qg5 20.Kh2 Re8 21.Rad1 Re6 22.
Rg1 Rh6 23.f4 exf3 24.gxf3 Qh5 25.Rg3 Bxf3 26.Bxf3 Nxf3+ 27.Rxf3 Ne5 28.
Rdf1 Nxf3+ 29.Rxf3 Rg6 30.e4 Re8 31.Qe3 f5 32.Rxf5 Qxf5 33.exf5 Rxe3 34.
fxg6 Re2+ 35.Kg3 hxg6 36.Kf3 Rh2 37.Ke4 Kf7 38.Kd5 Ke7 39.Kc6 Rxh3 40.Bc1 
Ke6 41.Nb6 Rh2 42.a4 Rh3 43.Kb5 Ke5 44.Nd5 Rxb3+ 45.Kxa5 g5 46.Ka6 g4 47.
Bf4+ Ke6 48.a5 g3 49.Ne3 Kd7 50.Ka7 Kc6 51.a6 g5 52.Bxg5 g2 53.Nxg2 Rg3 
54.Ne3 Rxg5 55.Nd5 Rg7+ 56.Kb8 Rg8+ 57.Ka7 Re8 58.Nf6 Re7+ 59.Kb8 Rf7 60.
Nd5 Rh7 61.Ka8 1/2-1/2